| 000 | 00443nam a2200145 a 4500 | ||
|---|---|---|---|
| 001 | 577 | ||
| 003 | CDMR | ||
| 005 | 20130116135156.0 | ||
| 008 | 130130s1973||||||||||||||||||||||||||||d | ||
| 040 |
_aCDMR _bcat _cCDMR |
||
| 100 | 1 |
_aPurcalla Gaitan, Juan Carlos _9427 |
|
| 245 | 1 | 0 |
_aContribución al estudio de la información frente al fenómeno de las drogas y las toxicomanías _cJuan Carlos Purcalla Gaitan |
| 260 |
_aBarcelona _c1973 |
||
| 942 | _cTSN | ||
| 999 |
_c577 _d577 |
||